La medición en la construcción de máquinas
Wedi'i Gadw mewn:
| Prif Awdur: | |
|---|---|
| Fformat: | Llyfr |
| Iaith: | Sbaeneg |
| Cyhoeddwyd: |
Barcelona
Labor
1943
|
| Rhifyn: | 2a. ed |
| Cyfres: | Biblioteca Científica Profesional, 24
|
| Pynciau: | |
| Tagiau: |
Ychwanegu Tag
Dim Tagiau, Byddwch y cyntaf i dagio'r cofnod hwn!
|
MARC
| LEADER | 00000nam a2200000 a 4500 | ||
|---|---|---|---|
| 001 | UCR7197 | ||
| 003 | CL-VaPUC | ||
| 008 | 980514e19430000SP |||||||||||||||||spa|d | ||
| 082 | 0 | 4 | |a 681.2 |b ZIP |2 21 |
| 100 | 0 | |a Zipperer, L |e author |9 408493 | |
| 245 | 1 | 3 | |a La medición en la construcción de máquinas |
| 250 | |a 2a. ed | ||
| 300 | |a 132 p | ||
| 942 | |c BK | ||
| 945 | |d 19980514 00:00:00 |a mvenant | ||
| 260 | |a Barcelona |b Labor |c 1943 | ||
| 650 | 0 | |a Máquinas |9 259419 | |
| 650 | 0 | |a Construcción |9 260195 | |
| 650 | 0 | |a Ingeniería mecánica |9 262089 | |
| 650 | 0 | |a Medición |9 263450 | |
| 583 | |a last modification |c 19980514 00:00:00 |k Rodrigo Vera | ||
| 490 | 0 | |a Biblioteca Científica Profesional, 24 | |
| 999 | |c 268975 |d 268973 | ||